Analýza poľnohospodárskych produkčných systémov (PPS) a regionálny model PPS farmy

Na minha lista:
Detalhes bibliográficos
Autor principal: Božík, Marian
Formato: Livro
Idioma:eslovaco
Publicado em: Bratislava Výskumný ústav ekonomiky poľnohospodárstva a potravinárstva 2007
Colecção:Štúdia č. 119/2007
Assuntos:
Tags: Adicionar Tag
Sem tags, seja o primeiro a adicionar uma tag!

MARC

LEADER 00000nam$a2200000$$$4500
001 0060367
005 20240223110036.0
020 |a 978-80-8058-453-5 
041 0 |a slo 
044 |a SK 
245 1 0 |a Analýza poľnohospodárskych produkčných systémov (PPS) a regionálny model PPS farmy  |c Marian Božík ... [et al.] 
264 1 |a Bratislava  |b Výskumný ústav ekonomiky poľnohospodárstva a potravinárstva  |c 2007 
300 |a 46 s. 
490 1 |a Štúdia  |v č. 119/2007 
830 0 |a Štúdia  |v č. 119/2007 
610 2 0 |a poľnohospodárstvo 
610 2 0 |a analýzy 
610 2 0 |a produkcia 
610 2 0 |a regióny 
610 2 0 |a farmy 
610 2 0 |a modely 
610 2 0 |a energetika 
610 2 0 |a environmentalistika 
610 2 0 |a pôda poľnohospodárska 
610 2 0 |a bilancie 
610 2 0 |a výsledok hospodársky 
610 2 0 |a Slovensko 
100 1 |a Božík, Marian